[Event "Titled Tue 17th Jun Late"]
[Site "chess.com INT"]
[Date "2025.06.17"]
[Round "7"]
[White "Barp, Alberto"]
[Black "Salinas Herrera, Pablo"]
[Result "1-0"]
[WhiteTitle "IM"]
[BlackTitle "GM"]
[WhiteElo "2414"]
[BlackElo "2447"]
[WhiteFideId "872555"]
[BlackFideId "3407128"]
[EventDate "2025.06.17"]

1. d4 d5 2. Nf3 Nf6 3. Bf4 e6 4. e3 Bd6 5. Nbd2 O-O 6. Bd3 c5 7. c3 Bxf4 8. exf4
b6 9. Qe2 a5 10. O-O Ba6 11. Ne5 Bxd3 12. Qxd3 Qc7 13. Rac1 Nc6 14. Rfe1 Rac8
15. a3 c4 16. Qc2 Ne7 17. Nf1 b5 18. Ne3 Ne4 19. f3 Nd6 20. N5g4 Rb8 21. Qd2 Rb6
22. Nc2 Rfb8 23. Ne5 Ndc8 24. h4 Na7 25. h5 h6 26. Re2 Nac6 27. Nxc6 Nxc6 28.
Ne3 Qxf4 29. Nxc4 Qxd2 30. Nxd2 b4 31. axb4 axb4 32. Nf1 bxc3 33. bxc3 Na5 34.
Ne3 Rc8 35. Kf2 Rbc6 36. Nd1 Nc4 37. Rb1 Nd6 38. Ra2 Kf8 39. Ra7 Ke8 40. Ke2
R6c7 41. Rxc7 Rxc7 42. Kd3 Ke7 43. Ne3 Ra7 44. Rb2 Ra1 45. Rc2 Rg1 46. Rf2 Re1
47. g4 Kf6 48. c4 dxc4+ 49. Nxc4 Rd1+ 50. Nd2 Ke7 51. Ke2 Ra1 52. Ne4 Ra4 53.
Nxd6 Kxd6 54. Ke3 Kd5 55. Rd2 Ra3+ 56. Rd3 Ra4 57. Rb3 Ra7 58. Rb5+ Kd6 59. Ke4
Ke7 60. Rb6 Rd7 61. Rc6 Kf6 62. f4 g6 63. hxg6 Kxg6 64. f5+ Kf6 65. fxe6 fxe6
66. Rb6 Rd5 67. Rb8 Rg5 68. Kf4 Rd5 69. Ke4 Rd7 70. Rh8 Kg6 71. Re8 Kf7 72. Rh8
Kg7 73. Re8 Kf6 74. Rf8+ Ke7 75. Rh8 Kd6 76. Rxh6 Rf7 77. g5 Rf1 78. g6 Rg1 79.
Kf4 Kd5 80. Rh5+ Kxd4 81. Rg5 e5+ 82. Kf5 Rf1+ 83. Ke6 e4 84. g7 e3 85. g8=Q e2
86. Rd5+ Kc3 87. Qc8+ Kb4 88. Qb7+ Kc3 89. Qc6+ Kb4 90. Rb5+ 1-0

[Event "Titled Tue 17th Jun Late"]
[Site "chess.com INT"]
[Date "2025.06.17"]
[Round "7"]
[White "Mekhitarian, Krikor Sevag"]
[Black "Deac, Bogdan-Daniel"]
[Result "1/2-1/2"]
[WhiteTitle "GM"]
[BlackTitle "GM"]
[WhiteElo "2564"]
[BlackElo "2674"]
[WhiteFideId "2107660"]
[BlackFideId "1226380"]
[EventDate "2025.06.17"]

1. Nf3 c5 2. c4 Nc6 3. Nc3 Nf6 4. d4 cxd4 5. Nxd4 e6 6. Bf4 d6 7. Ndb5 e5 8. Bg5
a6 9. Na3 Be7 10. Qd2 Be6 11. g3 Rc8 12. Bg2 Na5 13. Bxf6 gxf6 14. Bd5 f5 15.
O-O O-O 16. b3 Nc6 17. Rad1 e4 18. Nc2 Bg5 19. Qe1 Bf6 20. Ne3 Qa5 21. Rc1 Qc5
22. Kh1 Rc7 23. g4 Bxc3 24. Qxc3 f4 25. Nf5 Bxf5 26. gxf5 Qd4 27. Qh3 Kh8 28.
Rg1 Qf6 29. Rg4 Rg8 30. Rcg1 Rxg4 31. Qxg4 Rc8 32. Qxf4 Re8 33. Bxe4 Nd4 34. Qg4
b5 35. e3 d5 36. Bxd5 Nc2 37. cxb5 axb5 38. a4 bxa4 39. bxa4 Rd8 40. e4 Nd4 41.
a5 Rc8 42. h3 Nb5 43. Qg5 Qxg5 44. Rxg5 Nd6 45. f6 Rc5 46. a6 Ra5 47. e5 Rxd5
48. a7 Ra5 49. exd6 Rxa7 50. Re5 h6 51. Re7 Ra1+ 52. Kg2 Rd1 53. d7 Kh7 54.
Rxf7+ Kg6 55. Re7 Kxf6 56. Rh7 Kg6 57. Re7 Kf6 58. Re3 Rxd7 59. Rf3+ Kg6 60.
Rg3+ Kf6 61. Rg4 Rd5 62. Kg3 Ra5 63. Kh4 Rb5 64. Rg3 Rc5 65. Rg4 Rb5 66. Kg3 Rc5
67. f3 Rb5 68. Rg8 Rc5 69. Kg4 h5+ 70. Kg3 Rb5 71. h4 Ra5 72. Rf8+ Kg6 73. Rf4
Rb5 74. Re4 Kf6 75. Rd4 Ra5 76. Kf4 Rf5+ 77. Ke4 Re5+ 78. Kd3 Ra5 79. Ke3 Kf5
80. Rf4+ Kg6 81. Kf2 Re5 82. Kg3 Ra5 83. Rd4 Kf6 84. Rd6+ Kf7 85. Rh6 Kg7 86.
Rd6 Rf5 87. Rd4 Kg6 88. Kf2 Ra5 89. Ke3 Re5+ 90. Kf4 Rf5+ 91. Ke3 Re5+ 92. Re4
Ra5 93. Kd3 Kf5 94. Ke3 Ra3+ 95. Kf2 Ra2+ 96. Kg3 Ra5 97. Re8 Kg6 98. Rg8+ Kf6
99. Rh8 Kg6 100. Rg8+ Kf6 1/2-1/2

[Event "Titled Tue 17th Jun Late"]
[Site "chess.com INT"]
[Date "2025.06.17"]
[Round "7"]
[White "Guerrero Cataldo, Juan Andres"]
[Black "Klepek, Witold"]
[Result "1/2-1/2"]
[WhiteTitle "CM"]
[BlackTitle "CM"]
[WhiteElo "2082"]
[BlackElo "2253"]
[WhiteFideId "3421260"]
[BlackFideId "1175068"]
[EventDate "2025.06.17"]

1. d4 Nf6 2. Nf3 c5 3. e3 b6 4. a4 e6 5. c3 Bb7 6. Be2 Be7 7. O-O O-O 8. Nbd2 d5
9. a5 Nbd7 10. axb6 axb6 11. Rxa8 Qxa8 12. Re1 Ba6 13. Bxa6 Qxa6 14. e4 dxe4 15.
Nxe4 Nxe4 16. Rxe4 Nf6 17. Re1 Rd8 18. Qe2 Qxe2 19. Rxe2 cxd4 20. Nxd4 Bc5 21.
Be3 Ng4 22. h3 Nxe3 23. fxe3 Ra8 24. Kf2 Kf8 25. Rd2 Ke7 26. Nc6+ Kf6 27. g4 Rc8
28. Nd4 Kg5 29. Nf3+ Kf6 30. Ke2 h5 31. e4 hxg4 32. hxg4 Rh8 33. e5+ Kg6 34. Kd3
Rh3 35. Ke4 Rh1 36. Kf4 f6 37. exf6 gxf6 38. Kg3 Rc1 39. Rd7 f5 40. g5 e5 41.
Nxe5+ Kxg5 42. Nf3+ Kf6 43. Ra7 Bd6+ 44. Kf2 Rc2+ 45. Ke3 Rxb2 46. Rh7 Rb3 47.
Rh6+ Ke7 48. Kd3 Bc5 49. Nh4 f4 50. Nf5+ Kd7 51. Rf6 Rb1 52. Nh4 Be3 53. Ng2
Rd1+ 54. Ke4 Re1 55. Nxf4 Bd2+ 56. Kd3 Bxf4 57. Rxf4 Kc6 58. Rc4+ Kb7 59. Rf4
Rh1 60. Kc4 Rh3 61. Rf7+ Ka6 62. Rf5 Rh4+ 63. Kb3 b5 64. Rf6+ Ka5 65. Rf8 Rh1
66. Ra8+ Kb6 67. Rb8+ Kc6 68. Rc8+ Kb7 69. Rg8 Rh4 70. Rg6 Ka7 71. Re6 Kb7 72.
Rd6 Kc7 73. Rg6 Rc4 74. Rg5 Kb6 75. Rg6+ Ka5 76. Rg8 Rc6 77. Ra8+ Kb6 78. Rb8+
Kc5 79. Rh8 Kd5 80. Rh5+ Kd6 81. Kb4 Rc4+ 82. Kb3 Rc5 83. Rh6+ Kc7 84. Rf6 Kb7
85. Re6 Rd5 86. Kb4 Kc7 87. Rh6 Kb7 88. Rh7+ Kb6 89. Rh6+ Kb7 90. Re6 Rg5 91.
Rd6 Rf5 92. Re6 Rh5 93. Rf6 Rg5 94. Kb3 Rh5 95. Rf4 Kc7 96. Rg4 Kb6 97. Rg6+ Ka5
98. Rg8 Rh1 99. Ra8+ Kb6 100. Rb8+ Ka6 101. Ra8+ Kb7 102. Rg8 Rb1+ 103. Kc2 Ra1
104. Kd3 Kb6 105. Rg6+ Ka5 106. Rg8 Rd1+ 107. Kc2 Rh1 108. Ra8+ Kb6 109. Kb3 Rh4
110. Re8 Rg4 111. Re6+ Ka5 112. Rd6 Rg1 113. Rh6 Rb1+ 1/2-1/2

[Event "Titled Tue 17th Jun Late"]
[Site "chess.com INT"]
[Date "2025.06.17"]
[Round "8"]
[White "Nguyen, Ngoc Truong Son"]
[Black "Rajaram, Rohan"]
[Result "1-0"]
[WhiteTitle "GM"]
[BlackTitle "CM"]
[WhiteElo "2600"]
[BlackElo "2164"]
[WhiteFideId "12401110"]
[BlackFideId "30940729"]
[EventDate "2025.06.17"]

1. e4 e6 2. d4 d5 3. e5 c5 4. c3 Nc6 5. Nf3 Qb6 6. Na3 a6 7. Nc2 Nge7 8. Bd3
cxd4 9. cxd4 h6 10. O-O Bd7 11. b4 Na7 12. a4 Nec6 13. Bd2 Nxb4 14. a5 1-0

[Event "Titled Tue 17th Jun Late"]
[Site "chess.com INT"]
[Date "2025.06.17"]
[Round "8"]
[White "Suvradeepta, Das"]
[Black "Lysyj, Igor"]
[Result "0-1"]
[WhiteTitle "FM"]
[BlackTitle "GM"]
[WhiteElo "2230"]
[BlackElo "2582"]
[WhiteFideId "5058031"]
[BlackFideId "4150120"]
[EventDate "2025.06.17"]

1. Nf3 Nf6 2. d4 d5 3. e3 c5 4. b3 cxd4 5. Nxd4 e5 6. Nf3 Nc6 7. Bb2 Bb4+ 8.
Nbd2 Ne4 9. a3 Bc3 10. Qc1 Qf6 11. Bxc3 Nxc3 12. Bb5 Nxb5 0-1

[Event "Titled Tue 17th Jun Late"]
[Site "chess.com INT"]
[Date "2025.06.17"]
[Round "8"]
[White "Karas, Eugenia"]
[Black "Ferraz, Michel Liah"]
[Result "1-0"]
[WhiteTitle "WFM"]
[WhiteElo "2124"]
[BlackElo "2007"]
[WhiteFideId "463485"]
[BlackFideId "22743219"]
[EventDate "2025.06.17"]

1. Nf3 d5 2. b3 Nf6 3. Bb2 c5 4. e3 Nc6 5. Be2 Bf5 6. O-O h6 7. d4 e6 8. Nbd2
Be7 9. dxc5 Bxc5 10. c4 O-O 11. cxd5 exd5 12. Rc1 Qe7 13. Bxf6 gxf6 14. Nb1 Rfd8
15. Bd3 Be4 16. Nh4 Bb4 17. Qg4+ Kh8 18. Nf5 Qe6 19. Qg7# 1-0

[Event "Titled Tue 17th Jun Late"]
[Site "chess.com INT"]
[Date "2025.06.17"]
[Round "8"]
[White "Jagirapu, Harshin Reddy"]
[Black "Sinkar, Anagha Aniket"]
[Result "1-0"]
[BlackTitle "WCM"]
[WhiteElo "2042"]
[BlackElo "1776"]
[WhiteFideId "39910679"]
[BlackFideId "30974780"]
[EventDate "2025.06.17"]

1. d4 Nf6 2. c4 g6 3. Nc3 d5 4. cxd5 Nxd5 5. e4 Nxc3 6. bxc3 Bg7 7. Qa4+ c6 8.
Nf3 O-O 9. Be2 c5 10. O-O Nc6 11. Be3 cxd4 12. cxd4 Qa5 13. Qxa5 Nxa5 14. Rac1
Nc6 15. d5 Ne5 16. Nxe5 Bxe5 17. f4 Bg7 18. e5 Bf5 19. Rc7 Rfc8 20. Rxe7 Rc2 21.
Bf3 Rxa2 22. Rxb7 a5 23. d6 Rd8 24. Bb6 Rd7 25. Rb8+ Bf8 26. Bc6 a4 27. Bxd7
Bxd7 28. Bd8 Bc6 29. Rc1 Rxg2+ 30. Kf1 Bf3 31. Be7 Rxh2 32. Bxf8 h6 33. Be7+ Kh7
34. Bf6 Rh1+ 35. Kf2 Rxc1 36. Rh8# 1-0

[Event "Titled Tue 17th Jun Late"]
[Site "chess.com INT"]
[Date "2025.06.17"]
[Round "8"]
[White "Schracke, Guido"]
[Black "Gomez Gonzales, Fabiana"]
[Result "0-1"]
[WhiteTitle "CM"]
[BlackTitle "WCM"]
[WhiteElo "2138"]
[BlackElo "1796"]
[WhiteFideId "4637054"]
[BlackFideId "3860191"]
[EventDate "2025.06.17"]

1. e4 c5 2. c3 e6 3. Nf3 Nc6 4. Be2 d5 5. exd5 exd5 6. O-O Nf6 7. Re1 Be7 8. d4
O-O 9. dxc5 Bxc5 10. Bg5 Bxf2+ 11. Kxf2 Ne4+ 12. Kf1 Nxg5 13. Nbd2 Bg4 14. Qb3
Ne4 15. Nxe4 dxe4 16. Nd4 Qf6+ 17. Kg1 Nxd4 18. cxd4 Qxd4+ 19. Kh1 Be6 20. Qxb7
Rab8 21. Qe7 Rfe8 22. Qa3 Rxb2 23. Rad1 Rxe2 0-1

[Event "Titled Tue 17th Jun Late"]
[Site "chess.com INT"]
[Date "2025.06.17"]
[Round "8"]
[White "Maglioni, Leonardo"]
[Black "Bulgak, Damir"]
[Result "0-1"]
[BlackTitle "CM"]
[WhiteElo "2069"]
[BlackElo "2213"]
[WhiteFideId "2896830"]
[BlackFideId "13528882"]
[EventDate "2025.06.17"]

1. d4 c5 2. c3 cxd4 3. cxd4 d5 4. Nc3 Nf6 5. Bf4 a6 6. e3 Nc6 7. Bd3 Bg4 8. Nge2
e6 9. a3 Bd6 10. Qc2 O-O 11. O-O Rc8 12. Qd2 Bxe2 13. Nxe2 Bxf4 14. Nxf4 Qd6 15.
Rfc1 Ne7 16. Qa5 g5 17. Ne2 Kg7 18. h3 h6 19. Rxc8 Rxc8 20. Rc1 Rxc1+ 21. Nxc1
g4 22. hxg4 Nxg4 23. g3 Nxe3 24. fxe3 Qxg3+ 25. Kh1 Qh3+ 26. Kg1 Qxe3+ 27. Kg2
Qxc1 0-1

[Event "Titled Tue 17th Jun Late"]
[Site "chess.com INT"]
[Date "2025.06.17"]
[Round "8"]
[White "Li, Eric 2007"]
[Black "Stemmler, Fabian"]
[Result "1-0"]
[WhiteTitle "IM"]
[BlackTitle "CM"]
[WhiteElo "2372"]
[BlackElo "2190"]
[WhiteFideId "30939941"]
[BlackFideId "12964808"]
[EventDate "2025.06.17"]

1. d4 Nf6 2. c4 g6 3. Nc3 Bg7 4. e4 d6 5. Nf3 O-O 6. h3 Nc6 7. d5 Nb8 8. Be3 c6
9. Bd3 e6 10. O-O exd5 11. exd5 cxd5 12. cxd5 Nbd7 13. Re1 Ne5 14. Nxe5 dxe5 15.
Bg5 Re8 16. Qf3 h6 17. Bh4 g5 18. Bg3 e4 19. Nxe4 Nxd5 20. Rad1 Be6 21. Nc5 Qf6
22. Qe4 Nf4 23. Qh7+ Kf8 24. Rxe6 fxe6 25. Nd7+ Ke7 26. Nxf6 Kxf6 27. Bxf4 gxf4
28. Qg6+ 1-0

[Event "Titled Tue 17th Jun Late"]
[Site "chess.com INT"]
[Date "2025.06.17"]
[Round "8"]
[White "Thorsteinsdottir, Hallgerdur"]
[Black "Carrasco Miranda, Andres"]
[Result "1-0"]
[WhiteTitle "WFM"]
[BlackTitle "CM"]
[WhiteElo "2004"]
[BlackElo "2211"]
[WhiteFideId "2302454"]
[BlackFideId "3405990"]
[EventDate "2025.06.17"]

1. e4 e5 2. Nf3 Nc6 3. d4 exd4 4. Nxd4 Nf6 5. Nc3 Bb4 6. Nxc6 bxc6 7. f3 d5 8.
exd5 cxd5 9. Qe2+ Be6 10. Qb5+ Qd7 11. Qxb4 d4 12. Ne4 Nxe4 13. fxe4 a5 14. Qb5
c6 15. Qg5 O-O 16. Bd3 f6 17. Qg3 c5 18. b3 a4 19. Bb2 c4 20. bxc4 Rab8 21. Ba3
Rfc8 22. O-O Bxc4 23. Rxf6 Bxd3 24. cxd3 Rc2 25. Qxb8+ 1-0

[Event "Titled Tue 17th Jun Late"]
[Site "chess.com INT"]
[Date "2025.06.17"]
[Round "8"]
[White "Grover, Sahaj"]
[Black "George, Kevin"]
[Result "1-0"]
[WhiteTitle "GM"]
[BlackTitle "IM"]
[WhiteElo "2465"]
[BlackElo "2327"]
[WhiteFideId "5021103"]
[BlackFideId "10669515"]
[EventDate "2025.06.17"]

1. e4 e5 2. Nf3 Nc6 3. Bb5 a6 4. Ba4 Nf6 5. d3 d6 6. c3 g6 7. O-O Bg7 8. Re1 O-O
9. h3 Bd7 10. Nbd2 b5 11. Bc2 Nh5 12. a4 Nf4 13. Nf1 g5 14. axb5 Nb8 15. bxa6 g4
16. hxg4 Bxg4 17. Bxf4 exf4 18. d4 Rxa6 19. Rxa6 Nxa6 20. Qd3 Qa8 21. e5 Rb8 22.
Qxh7+ Kf8 23. N1h2 Bxf3 24. Nxf3 Rxb2 25. e6 fxe6 26. Ng5 Nc5 27. dxc5 Bxc3 28.
Nxe6+ Ke8 29. Bg6# 1-0

[Event "Titled Tue 17th Jun Late"]
[Site "chess.com INT"]
[Date "2025.06.17"]
[Round "8"]
[White "Grabinsky, Vladimir"]
[Black "Pein, Jonathan"]
[Result "1-0"]
[WhiteTitle "IM"]
[BlackTitle "FM"]
[WhiteElo "2192"]
[BlackElo "2226"]
[WhiteFideId "14107074"]
[BlackFideId "417092"]
[EventDate "2025.06.17"]

1. e4 d5 2. exd5 Qxd5 3. Nc3 Qe6+ 4. Be2 Qg6 5. Bf3 Nc6 6. d4 Bf5 7. Nge2 Bxc2
8. Qd2 Qd3 9. Qf4 e5 10. Bxc6+ bxc6 11. Qxe5+ Be7 12. O-O Nf6 13. Qxc7 Qa6 14.
d5 Rc8 15. Qe5 cxd5 16. Nd4 Be4 17. Nxe4 dxe4 18. Nf5 Qb7 19. Nd6+ 1-0

[Event "Titled Tue 17th Jun Late"]
[Site "chess.com INT"]
[Date "2025.06.17"]
[Round "8"]
[White "Ahmad, Khagan"]
[Black "Gustafsson, Jan"]
[Result "1-0"]
[WhiteTitle "IM"]
[BlackTitle "GM"]
[WhiteElo "2394"]
[BlackElo "2591"]
[WhiteFideId "13431552"]
[BlackFideId "4625498"]
[EventDate "2025.06.17"]

1. d4 d5 2. c4 c5 3. Nf3 cxd4 4. cxd5 Qxd5 5. Nc3 Qa5 6. Nxd4 Nf6 7. g3 e5 8.
Nb3 Qc7 9. Bg2 Bb4 10. O-O O-O 11. Bg5 Bxc3 12. Rc1 Rd8 13. Rxc3 Nc6 14. Qc2 Be6
15. Nc5 Bd5 16. Bxd5 Rxd5 17. Nxb7 Qxb7 18. Rxc6 Nd7 19. Rc7 Qa6 20. Rc1 h6 21.
Rc8+ Rxc8 22. Qxc8+ Qxc8 23. Rxc8+ Kh7 24. Be3 Rb5 25. Rc7 Nf6 26. b3 a5 27.
Rxf7 a4 28. bxa4 Ra5 29. Ra7 1-0

[Event "Titled Tue 17th Jun Late"]
[Site "chess.com INT"]
[Date "2025.06.17"]
[Round "8"]
[White "Terron Elena, Francisco M."]
[Black "Tao, Sihan"]
[Result "0-1"]
[WhiteTitle "FM"]
[BlackTitle "FM"]
[WhiteElo "2148"]
[BlackElo "2202"]
[WhiteFideId "2210576"]
[BlackFideId "30982677"]
[EventDate "2025.06.17"]

1. e4 c6 2. f4 d5 3. Nc3 h5 4. Nf3 Bg4 5. exd5 cxd5 6. Bb5+ Nc6 7. h3 Bxf3 8.
Qxf3 e6 9. f5 Bc5 10. Na4 Qh4+ 11. g3 Qb4 12. Bxc6+ bxc6 13. Nxc5 Qxc5 14. fxe6
fxe6 15. Qd3 Ne7 16. Rf1 Rf8 17. Rxf8+ Kxf8 18. Qf3+ Kg8 19. d3 Rf8 20. Qe3 Qd6
21. Bd2 Nf5 22. Qg5 Qxg3+ 23. Qxg3 Nxg3 24. O-O-O Rf1 25. Bf4 Rxf4 0-1

[Event "Titled Tue 17th Jun Late"]
[Site "chess.com INT"]
[Date "2025.06.17"]
[Round "8"]
[White "Baylav, Can"]
[Black "Panin, Mikhail"]
[Result "1-0"]
[BlackTitle "CM"]
[WhiteElo "2056"]
[BlackElo "2255"]
[WhiteFideId "6361293"]
[BlackFideId "34164992"]
[EventDate "2025.06.17"]

1. Nf3 Nf6 2. c4 b6 3. b3 Bb7 4. Bb2 g6 5. g3 Bg7 6. Bg2 c5 7. O-O d5 8. cxd5
Qxd5 9. Nc3 Qd7 10. d4 cxd4 11. Qxd4 O-O 12. Rfd1 Qf5 13. Rac1 Nc6 14. Qh4 Rad8
15. h3 h6 16. Qa4 Qa5 17. Qf4 Rxd1+ 18. Rxd1 Rd8 19. Rxd8+ Nxd8 20. Qc7 1-0

[Event "Titled Tue 17th Jun Late"]
[Site "chess.com INT"]
[Date "2025.06.17"]
[Round "8"]
[White "Ilinca, Felix-Antonio"]
[Black "Norman, Kseniya"]
[Result "1-0"]
[WhiteTitle "IM"]
[BlackTitle "WFM"]
[WhiteElo "2431"]
[BlackElo "2069"]
[WhiteFideId "54764998"]
[BlackFideId "13518780"]
[EventDate "2025.06.17"]

1. b3 e5 2. Bb2 Nc6 3. Nf3 d6 4. d4 e4 5. d5 exf3 6. dxc6 bxc6 7. exf3 Nf6 8.
Bd3 Be7 9. O-O O-O 10. c4 d5 11. Qc2 h6 12. Re1 d4 13. Nd2 c5 14. Ne4 Bb7 15.
Ng3 Nd7 16. Re2 Bf6 17. Rae1 a5 18. a4 Ra6 19. Ba3 g6 20. f4 Bh4 21. f5 Bxg3 22.
hxg3 g5 23. Qd2 Qf6 24. Re7 Bc6 25. g4 Rb6 26. Bc2 Ra6 27. f4 Kg7 28. R1e6 gxf4
29. Rxf6 Kxf6 30. Rxd7 Bxd7 31. Bxc5 Rg8 32. Qxd4+ Kg5 33. Qxd7 Kxg4 34. Qxf7
Rd8 35. Qg7+ Kh4 36. Be7+ 1-0

[Event "Titled Tue 17th Jun Late"]
[Site "chess.com INT"]
[Date "2025.06.17"]
[Round "8"]
[White "Papasimakopoulos, Alexandros"]
[Black "Kislinsky, Alexey"]
[Result "0-1"]
[WhiteTitle "IM"]
[BlackTitle "GM"]
[WhiteElo "2366"]
[BlackElo "2341"]
[WhiteFideId "4244125"]
[BlackFideId "14108801"]
[EventDate "2025.06.17"]

1. d4 d5 2. c4 dxc4 3. e3 Nf6 4. Bxc4 e6 5. Nf3 a6 6. O-O b5 7. Bd3 Bb7 8. a4 b4
9. Nbd2 Nbd7 10. b3 c5 11. Bb2 Be7 12. a5 O-O 13. Qe2 cxd4 14. Nxd4 Nc5 15. Bc4
Nd5 16. Rfc1 Bf6 17. N2f3 Ne4 18. Qc2 Ndc3 19. h3 h6 20. Ne2 Rc8 21. Nxc3 Bxc3
22. Rd1 Qf6 23. Nd4 Qxf2+ 24. Qxf2 Nxf2 25. Kxf2 Bxb2 26. Ra2 Bc3 27. Ne2 Be5
28. Rd7 Rc7 29. Rad2 Rfc8 30. g4 Kf8 31. Nf4 Ke8 32. Rxc7 Rxc7 33. Nd3 Bc3 34.
Ra2 Be4 35. Nf4 Rxc4 36. bxc4 b3 37. Ra3 b2 38. Rb3 b1=Q 39. Rxb1 0-1

[Event "Titled Tue 17th Jun Late"]
[Site "chess.com INT"]
[Date "2025.06.17"]
[Round "8"]
[White "Hernandez Bermudez, Ulises Eduardo"]
[Black "Kharitonov, Sergei"]
[Result "1-0"]
[BlackTitle "CM"]
[WhiteElo "2042"]
[BlackElo "2014"]
[WhiteFideId "3902510"]
[BlackFideId "4129750"]
[EventDate "2025.06.17"]

1. e4 c5 2. c3 g6 3. d4 cxd4 4. cxd4 d5 5. exd5 Nf6 6. Bc4 Nxd5 7. Nc3 Nb6 8.
Bb3 Bg7 9. Nf3 O-O 10. O-O Bg4 11. Be3 Nc6 12. d5 Ne5 13. Qe2 Qc8 14. Bxb6 axb6
15. Rac1 Bxf3 16. gxf3 Qh3 17. Bd1 g5 18. Kh1 Ng6 19. Rg1 Be5 20. Rg2 f6 21. Qf1
Nh4 22. Rxg5+ fxg5 23. Qxh3 Rf4 24. Qe6+ Kf8 25. Qxe5 Nxf3 26. Bxf3 1-0

[Event "Titled Tue 17th Jun Late"]
[Site "chess.com INT"]
[Date "2025.06.17"]
[Round "8"]
[White "Ersoz, Teoman Guney"]
[Black "Davtyan, Artur"]
[Result "0-1"]
[WhiteTitle "CM"]
[BlackTitle "IM"]
[WhiteElo "2052"]
[BlackElo "2472"]
[WhiteFideId "44537050"]
[BlackFideId "13308327"]
[EventDate "2025.06.17"]

1. d4 g6 2. Nc3 Bg7 3. e4 d6 4. Nf3 Nf6 5. Bg5 O-O 6. Qd2 c6 7. Bh6 d5 8. Bxg7
Kxg7 9. e5 Ne4 10. Nxe4 dxe4 11. Ng5 f5 12. h4 h6 13. Nh3 c5 14. h5 Qxd4 15.
hxg6 Qxd2+ 16. Kxd2 Nc6 17. Nf4 Nxe5 18. Be2 Nxg6 19. Ke3 e5 20. Nxg6 Kxg6 21.
Bh5+ Kf6 22. Rad1 Be6 23. Be2 Rh8 24. Rd6 Ke7 25. Rd2 Rad8 26. Rhd1 Rxd2 27.
Rxd2 h5 28. Rd1 h4 29. Rh1 Kf6 30. g4 fxg4 31. Kxe4 h3 32. Rh2 Bf5+ 33. Ke3 Kg5
34. Bd3 Rd8 35. Rh1 Rd4 36. b3 b5 37. Bxb5 Be4 38. Rh2 Bg2 39. a4 a5 40. Be2 Kh4
41. c3 Re4+ 42. Kd3 Rxe2 43. Kxe2 g3 0-1

[Event "Titled Tue 17th Jun Late"]
[Site "chess.com INT"]
[Date "2025.06.17"]
[Round "8"]
[White "Linares Orellana, Hector Jose"]
[Black "Calvo Gonzalez, Jose Felix"]
[Result "1-0"]
[WhiteTitle "FM"]
[BlackTitle "CM"]
[WhiteElo "2111"]
[BlackElo "2168"]
[WhiteFideId "7304307"]
[BlackFideId "54505615"]
[EventDate "2025.06.17"]

1. e4 c5 2. Nf3 d6 3. Bb5+ Nd7 4. O-O Nf6 5. Re1 a6 6. Bf1 g6 7. c3 Bg7 8. d4
O-O 9. Bf4 b5 10. a3 Bb7 11. Nbd2 Rc8 12. Rc1 Re8 13. h3 e5 14. dxe5 Nxe5 15.
Bxe5 dxe5 16. Qc2 c4 17. Rcd1 Qe7 18. g3 Nd7 19. b4 cxb3 20. Qxb3 Nc5 21. Qb4
Qe6 22. c4 bxc4 23. Qxc4 Nxe4 24. Qxe6 Rxe6 25. Nxe4 f5 26. Nd6 Bxf3 27. Nxc8
Bxd1 28. Bc4 Kf7 29. Rxd1 Kf6 1-0

[Event "Titled Tue 17th Jun Late"]
[Site "chess.com INT"]
[Date "2025.06.17"]
[Round "8"]
[White "Lin, Bryan Enming"]
[Black "Guerra Mendez, Jose Angel"]
[Result "1-0"]
[WhiteTitle "FM"]
[BlackTitle "GM"]
[WhiteElo "2343"]
[BlackElo "2478"]
[WhiteFideId "30987121"]
[BlackFideId "3508129"]
[EventDate "2025.06.17"]

1. e4 e5 2. Nf3 Nc6 3. Nc3 g6 4. d4 exd4 5. Nxd4 Bg7 6. Be3 Nge7 7. Nxc6 bxc6 8.
Bd4 O-O 9. Bxg7 Kxg7 10. Qd4+ f6 11. O-O-O d6 12. f3 Be6 13. g4 Qb8 14. h4 Qb6
15. Qd2 Rab8 16. b3 h6 17. g5 fxg5 18. hxg5 h5 19. f4 Bg4 20. Be2 Bxe2 21. Qxe2
Qc5 22. Qd2 Rb4 23. f5 gxf5 24. Rxh5 f4 25. Rdh1 Ng6 26. Rh7+ Kg8 27. R7h6 Qxg5
28. Qh2 f3+ 29. Kb2 f2 30. Rh8+ Nxh8 31. Qh7# 1-0

[Event "Titled Tue 17th Jun Late"]
[Site "chess.com INT"]
[Date "2025.06.17"]
[Round "8"]
[White "Atis, Hasan"]
[Black "Roebers, Eline"]
[Result "0-1"]
[WhiteTitle "CM"]
[BlackTitle "IM"]
[WhiteElo "2089"]
[BlackElo "2356"]
[WhiteFideId "44598017"]
[BlackFideId "1058401"]
[EventDate "2025.06.17"]

1. d4 f5 2. Nf3 Nf6 3. g3 g6 4. Bg2 Bg7 5. c4 O-O 6. Nc3 d6 7. O-O Qe8 8. Re1
Qf7 9. b3 Ne4 10. Bb2 Nc6 11. e3 e5 12. d5 Ne7 13. Qc2 Nxc3 14. Bxc3 h6 15. Rad1
g5 16. c5 f4 17. exf4 gxf4 18. cxd6 cxd6 19. Bb4 Bf5 20. Qc7 e4 21. Nd4 Bg4 22.
Ne6 e3 23. fxe3 fxe3 24. Nxf8 Rxf8 25. Rf1 e2 26. Qxe7 Qxe7 0-1

[Event "Titled Tue 17th Jun Late"]
[Site "chess.com INT"]
[Date "2025.06.17"]
[Round "8"]
[White "Niemann, Hans Moke"]
[Black "Gumularz, Szymon"]
[Result "1-0"]
[WhiteTitle "GM"]
[BlackTitle "GM"]
[WhiteElo "2736"]
[BlackElo "2605"]
[WhiteFideId "2093596"]
[BlackFideId "1188062"]
[EventDate "2025.06.17"]

1. e4 d6 2. d4 Nf6 3. Bd3 e5 4. c3 d5 5. dxe5 Nxe4 6. Nf3 Nc6 7. Nbd2 Nc5 8. Bc2
Bg4 9. h3 Bh5 10. O-O Ne6 11. Re1 Be7 12. Nf1 O-O 13. Ng3 Bg6 14. Nf5 Re8 15.
Be3 Bf8 16. Qd2 Nc5 17. Bxc5 Bxc5 18. Rad1 Bxf5 19. Bxf5 Ne7 20. Bc2 c6 21. e6
f5 22. Ne5 Qc7 23. Nf7 Rf8 24. Qg5 Rae8 25. b4 Bb6 26. c4 Qb8 27. c5 Bc7 28. g3
b6 29. Rd4 bxc5 30. Rh4 Rxf7 31. exf7+ Kxf7 32. Rxh7 1-0